000 00853pam a2200277 a 4500
999 _c652
_d652
001 1180969
003 OSt
005 20210121113033.0
008 970521s1998 nyua 001 0 eng
010 _a 97023525
020 _a0070361495
040 _aDLC
_cDLC
_dDLC
050 0 0 _aQP518.3
_b.S3 1998
082 0 0 _aQV18 K9525 1998
_221
100 _aPhilip W. Kuchel, [et...al]
_913849
245 0 0 _aSchaum's outline of theory and Problems of Biochemistry
250 _a2nd ed.
260 _aNew York:
_bMcGraw-Hill,
_cc1998.
300 _axi, 559 p. :
_bill. ;
_c28 cm.
490 0 _aSchaum's outline series
500 _aIncludes index.
650 0 _aBiochemistry
_91683
856 4 2 _3Publisher description
_uhttp://www.loc.gov/catdir/description/mh023/97023525.html
906 _a7
_bcbc
_corignew
_d1
_eocip
_f19
_gy-gencatlg
942 _2z
_cSLOAN